El Madrid de la Gran Vía / (Record no. 197455)

MARC details
000 -LEADER
campo de control de longitud fija 01617cam a2200433 i 4500
001 - NÚMERO DE CONTROL
campo de control 197455
003 - IDENTIFICADOR DE NÚMERO DE CONTROL
campo de control ES-MaACL
005 - FECHA Y HORA DE LA ÚLTIMA TRANSACCIÓN
campo de control 20250805062634.0
007 - CAMPO FIJO DE DESCRIPCIÓN FÍSICA--INFORMACIÓN GENERAL
campo de control de longitud fija ta
008 - DATOS DE LONGITUD FIJA--INFORMACIÓN GENERAL
campo de control de longitud fija 960920s1996 sp | ||| ||spa
016 7# - NÚMERO DE CONTROL DE UNA AGENCIA BIBLIOGRÁFICA NACIONAL
Número de control del registro bimoBNE19960466770
Fuente SpMaBN
017 ## - NÚMERO DE COPYRIGHT O DE DEPÓSITO LEGAL
Número de copyright o de depósito legal M 13975-1996
Agencia que asigna Oficina Depósito Legal Madrid
020 ## - NÚMERO INTERNACIONAL ESTÁNDAR DEL LIBRO
Número Internacional Estándar del Libro 8487290973
035 ## - NÚMERO DE CONTROL DEL SISTEMA
Número de control de sistema (OCoLC)433631304
035 ## - NÚMERO DE CONTROL DEL SISTEMA
Número de control de sistema (SpMaBN)Mimo0000508477
040 ## - FUENTE DE CATALOGACIÓN
Centro catalogador/agencia de origen SpMaBN
Lengua de catalogación spa
Centro/agencia transcriptor SpMaBN
Normas de descripción rdc
080 ## - NÚMERO DE LA CLASIFICACIÓN DECIMAL UNIVERSAL
Número de la Clasificación Decimal Universal 914.602.7 M."19"
080 ## - NÚMERO DE LA CLASIFICACIÓN DECIMAL UNIVERSAL
Número de la Clasificación Decimal Universal 711.4.036(460.27 M.)
100 0# - ENTRADA PRINCIPAL--NOMBRE DE PERSONA
Nombre de persona Hidalgo Monteagudo, Ramón
9 (RLIN) 63596
Término indicativo de función/relación Autor
245 13 - MENCIÓN DEL TÍTULO
Título El Madrid de la Gran Vía /
Mención de responsabilidad, etc. Ramón Hidalgo, Rosalía Ramos, Fidel Revilla.
260 ## - PUBLICACIÓN, DISTRIBUCIÓN, ETC.
Lugar de publicación, distribución, etc. Madrid :
Nombre del editor, distribuidor, etc. La Librería,
Fecha de publicación, distribución, etc. [1996].
300 ## - DESCRIPCIÓN FÍSICA
Extensión 140 p. :
Otras características físicas il. col. y n. ;
Dimensiones 22 cm.
336 ## - TIPO DE CONTENIDO
Fuente rdacontent
Término de tipo de contenido texto
337 ## - TIPO DE MEDIO
Fuente rdamedia
Nombre/término del tipo de medio sin mediación
338 ## - TIPO DE SOPORTE
Fuente rdacarrier
Nombre/término del tipo de soporte volumen
490 1# - MENCIÓN DE SERIE
Mención de serie Recorridos didácticos por Madrid ;
Designación de volumen o secuencia 11
650 #7 - PUNTO DE ACCESO ADICIONAL DE MATERIA--TÉRMINO DE MATERIA
Término de materia o nombre geográfico como elemento de entrada Urbanismo
Subdivisión geográfica Madrid
Subdivisión cronológica S.XX
Fuente del encabezamiento o término embne
9 (RLIN) 8986
651 #4 - PUNTO DE ACCESO ADICIONAL DE MATERIA--NOMBRE GEOGRÁFICO
Nombre geográfico Madrid-
Subdivisión general Descripción
Fuente del encabezamiento o término embne
9 (RLIN) 8952
700 0# - ENTRADA AGREGADA--NOMBRE PERSONAL
Nombre de persona Ramos Guarido, Rosalía
9 (RLIN) 95322
Término indicativo de función/relación Autor
700 0# - ENTRADA AGREGADA--NOMBRE PERSONAL
Nombre de persona Revilla, Fidel
9 (RLIN) 96430
Término indicativo de función/relación Autor
800 1# - PUNTO DE ACCESO ADICIONAL DE SERIE--NOMBRE DE PERSONA
Nombre de persona Hidalgo Monteagudo, Ramón
Título de la obra Recorridos didácticos por Madrid
Designación de volumen o secuencia 11
9 (RLIN) 240811
830 #0 - PUNTO DE ACCESO ADICIONAL DE SERIE-TÍTULO UNIFORME
9 (RLIN) 179420
Título uniforme Recorridos didácticos por Madrid ;
Designación de volumen o secuencia 11
852 ## - LOCALIZACIÓN
Ubicación ES-MaACL
Ubicación en estantería Depósito 1
Número de control de estantería A-15548
Donativo/Legado Donación: Fernando Codina Rodríguez
Encuadernación Encuadernación rústica
itemnumber 205895
903 ## - NOMBRE PERSONAL DE DONANTE
a Codina Rodríguez, Fernando
e Donante
9 238631
942 ## - ELEMENTOS DE ENTRADA SECUNDARIOS (KOHA)
Suprimir en OPAC No
Tipo de ítem Koha Libro impreso
Holdings
Estatus retirado Estado de pérdida Fuente del sistema de clasificación o colocación Estado de daño No para préstamo Biblioteca de origen Biblioteca actual Ubicación en estantería Fecha de adquisición Fuente de adquisición Total de préstamos Signatura topográfica completa Visto por última vez Precio de reemplazo Tipo de ítem Koha
    Clasificación decimal universal     Biblioteca del Ateneo de Madrid Biblioteca del Ateneo de Madrid Depósito 1 05/06/2025 Donación   A-15548 05/06/2025 05/06/2025 Libro impreso